00887nam a2200265Ia 4500001000600000003000500006008004100011010001100052040000900063082001900072100004000091245010300131260008100234300001000315650003200325650003900357710006100396901001900457902000600476910000900482942000600491942000700497999001900504952009800523Z_185CHAP220113s1988 xx 000 0 und d a163157 cCHAP a338.173492 F561 aFlores Verduzco, Juan José941784 aSistema agroindustrial producción intensiva de carne y huevo /cpor Juan José Flores Verdusco aChapingo, Méx. :bUACh. Centro Regional Universitario de Occidente,c1988 a94 p. aCarnexProducción 919109 aHuevosxProducción I. t.9137406 aUACh. Centro Regional Universitario de Occidente9137407 a338.173492 F56 aM a1988 c1 cc1 c163157d163157 00102ddc40708GRALaZbZc3d2005-11-09pz_0687r2022-01-18 00:00:00t1w2022-01-18yLIBRO